Central Library OPAC University of Rajshahi

মুসলিম দর্শন পরিচিতি / (Record no. 85469)

MARC details
000 -LEADER
fixed length control field 00868nam a2200229 a 4500
001 - CONTROL NUMBER
control field 85469
003 - CONTROL NUMBER IDENTIFIER
rucl marc code BD-RjUL
005 - DATE AND TIME OF LATEST TRANSACTION
control field 20250807125359.0
008 - FIXED-LENGTH DATA ELEMENTS--GENERAL INFORMATION
fixed length control field 250807s1988 bg ||||| |||| 00| 0 ben d
035 ## - SYSTEM CONTROL NUMBER
System control number (BD-RjUL)85469
040 ## - CATALOGING SOURCE
Original cataloging agency BD-RjUL
Language of cataloging eng
Transcribing agency BD-RjUL
041 ## - LANGUAGE CODE
Language code of text/sound track or separate title ben
082 ## - DEWEY DECIMAL CLASSIFICATION NUMBER
Edition number 23
Classification number 181.07
Author mark and year HAM 1988
100 ## - MAIN ENTRY--PERSONAL NAME
Personal name হামিদ, আবদুল
9 (RLIN) 16506
245 ## - TITLE STATEMENT
Title মুসলিম দর্শন পরিচিতি /
Statement of responsibility, etc. আবদুল হামিদ, মুহাম্মদ আবদুল হাই ঢালী
260 ## - PUBLICATION, DISTRIBUTION, ETC. (IMPRINT)
Place of publication, distribution, etc. ঢাকা :
Name of publisher, distributor, etc. পুথিঘর লিঃ,
Date of publication, distribution, etc. ১৯৮৮
300 ## - PHYSICAL DESCRIPTION
Pagination ২৩৯, ৫ পৃ.;
Size ২১ সেমি.
650 ## - SUBJECT ADDED ENTRY--TOPICAL TERM
Topical term or geographic name as entry element ইসলামী দর্শন
Topical term or geographic name as entry element Islamic Philosophy
700 ## - ADDED ENTRY--PERSONAL NAME
Personal name ঢালী, মুহাম্মদ আবদুল হাই
942 ## - ADDED ENTRY ELEMENTS (KOHA)
Source of classification or shelving scheme Dewey Decimal Classification
Koha item type Books
Holdings
Lost status Source of classification or shelving scheme Damaged status Not for loan Collection code Permanent Location Current Location Shelving location Date acquired Total Checkouts Full call number Date last seen Copy number Koha item type
  Dewey Decimal Classification   Not For Loan Non-fiction Central Library, University of Rajshahi Central Library, University of Rajshahi Reading Room 07/08/2025   B 181.07 HAM 1988 07/08/2025 C-1 Books